[Event "Montreal Vendredi 10"]
[Site "Montreal"]
[Date "2018.10.12"]
[Round "1"]
[White "McDonough, Jonathan"]
[Black "Huang, Qiuyu"]
[Result "0-1"]
[WhiteElo "2219"]
[BlackElo "2250"]
[PlyCount "100"]
[EventDate "2018.10.12"]
[EventType "tourn"]
[EventRounds "3"]
[EventCountry "CAN"]
[SourceTitle "EXT 2022"]
[Source "ChessBase"]
[SourceDate "2021.10.06"]
[SourceVersion "1"]
[SourceVersionDate "2021.10.06"]
[SourceQuality "1"]

1. d4 d5 2. c4 e6 3. Nf3 Nf6 4. g3 Be7 5. Bg2 0-0 6. 0-0 c6 7. Qc2 b6 8. Nbd2 Bb7 9. e4 Na6 10. e5 Nd7 11. Rd1 Nb4 12. Qb3 Qc7 13. a3 dxc4 14. Nxc4 Nd5 15. Bg5 f6 16. exf6 gxf6 17. Bh6 Rfe8 18. Qd3 Bf8 19. Bxf8 Nxf8 20. Rac1 Rad8 21. Qe4 Qg7 22. Nh4 Ng6 23. Nxg6 hxg6 24. Re1 Nc7 25. Rcd1 Ba8 26. Qe3 Rd7 27. a4 Red8 28. Bh3 c5 29. Bxe6+ Nxe6 30. Qxe6+ Qf7 31. Qxf7+ Kxf7 32. Rd2 Rxd4 33. Red1 Bf3 34. Rxd4 cxd4 35. Rd2 Ke6 36. h3 Kd5 37. b3 Kc5 38. Kf1 Kb4 39. Rb2 Re8 40. Rd2 Kc3 41. Ra2 d3 42. Nd2 Bd5 43. a5 Bxb3 44. Nb1+ Kc4 45. Nd2+ Kc3 46. Nb1+ Kd4 47. Rb2 Bc2 48. axb6 axb6 49. Rxb6 Bxb1 50. Rxb1 d2 0-1

[Event "Quebec-ch"]
[Site "Montreal"]
[Date "2006.09.09"]
[Round "2"]
[White "Barbeau, Sylvain"]
[Black "McDonough, Jonathan"]
[Result "1-0"]
[WhiteElo "2426"]
[BlackElo "2218"]
[PlyCount "109"]
[EventDate "2006.09.08"]
[EventType "tourn"]
[EventRounds "9"]
[EventCountry "CAN"]
[EventCategory "1"]
[SourceTitle "EXT 2007"]
[Source "ChessBase"]
[SourceDate "2006.11.23"]
[SourceVersion "1"]
[SourceVersionDate "2006.11.23"]
[SourceQuality "1"]

1. Nf3 g6 2. e4 d6 3. d4 Bg7 4. Nc3 Bg4 5. Be3 a6 6. Bc4 e6 7. h3 Bxf3 8. Qxf3 Nc6 9. Rd1 Nge7 10. a3 0-0 11. Ba2 Qc8 12. 0-0 Kh8 13. Ne2 Ng8 14. c3 Qd7 15. h4 e5 16. Ng3 Rae8 17. Bb1 Qe7 18. Qg4 Nf6 19. Qh3 Qd7 20. Qxd7 Nxd7 21. Rfe1 Nf6 22. f3 h5 23. b4 Nd7 24. d5 Ne7 25. Nf1 Kh7 26. c4 Bh6 27. Bf2 f5 28. c5 Nf6 29. Ne3 fxe4 30. fxe4 Neg8 31. Bd3 Rf7 32. Re2 Ref8 33. Rde1 Nd7 34. cxd6 cxd6 35. Nc4 Rf6 36. Rc2 R8f7 37. Ba7 Bf4 38. Bf2 Bh6 39. Na5 Nf8 40. Bb6 Nd7 41. Bd8 Bf4 42. Nxb7 Bg3 43. Rf1 Rxf1+ 44. Bxf1 Nh6 45. Nxd6 Rf8 46. Be7 Rf4 47. Bg5 Nf6 48. Bxf4 exf4 49. Rc7+ Kh8 50. Nf7+ Nxf7 51. Rxf7 Nxe4 52. Bd3 Kg8 53. Re7 Nf2 54. Bxg6 Bxh4 55. Re8+ 1-0

[Event "Montreal Maitres-A"]
[Site "Montreal"]
[Date "2005.10.15"]
[Round "3"]
[White "McDonough, Jonathan"]
[Black "Tremblay, Rejean"]
[Result "1-0"]
[WhiteElo "2192"]
[BlackElo "2198"]
[PlyCount "111"]
[EventDate "2005.10.14"]
[EventType "tourn"]
[EventRounds "5"]
[EventCountry "CAN"]
[SourceTitle "EXT 2009"]
[Source "ChessBase"]
[SourceDate "2008.11.26"]
[SourceVersion "1"]
[SourceVersionDate "2008.11.26"]
[SourceQuality "1"]

1. Nf3 Nf6 2. g3 g6 3. Bg2 Bg7 4. 0-0 0-0 5. c4 d6 6. d4 Nbd7 7. Nc3 e5 8. e4 c6 9. h3 Qb6 10. Re1 a5 11. c5 dxc5 12. dxe5 Ne8 13. Bg5 Nc7 14. Be7 Re8 15. Bd6 Ne6 16. Na4 Qa7 17. Rc1 b5 18. Nc3 Nd4 19. Nxd4 cxd4 20. Ne2 Nxe5 21. Bc5 Qd7 22. Bxd4 Ra6 23. b3 f6 24. f4 Nf7 25. Bc5 Nd8 26. Qc2 a4 27. b4 Qf7 28. a3 Nb7 29. Nd4 Bd7 30. Kh2 Rc8 31. e5 fxe5 32. fxe5 Nd8 33. Rf1 Qe8 34. Rce1 Ne6 35. Nxe6 Bxe6 36. Bd6 Qd7 37. Qc5 Bc4 38. Rf4 Qe6 39. Bf3 h5 40. Rc1 Bh6 41. Rfxc4 bxc4 42. Be2 Qf5 43. Bxc4+ Kh8 44. Bxa6 Bxc1 45. Bxc8 Qf1 46. Qxc6 h4 47. Qe8+ Kh7 48. Qe7+ Kg8 49. Be6+ Kh8 50. Qxh4+ Kg7 51. Qe7+ Kh6 52. Qf8+ Qxf8 53. Bxf8+ Kg5 54. h4+ Kh5 55. Kh3 g5 56. Bf7# 1-0

[Event "Montreal Maitres-A"]
[Site "Montreal"]
[Date "2005.10.14"]
[Round "1"]
[White "Bolduc, Steve"]
[Black "McDonough, Jonathan"]
[Result "0-1"]
[WhiteElo "2322"]
[BlackElo "2192"]
[PlyCount "78"]
[EventDate "2005.10.14"]
[EventType "tourn"]
[EventRounds "5"]
[EventCountry "CAN"]
[SourceTitle "EXT 2009"]
[Source "ChessBase"]
[SourceDate "2008.11.26"]
[SourceVersion "1"]
[SourceVersionDate "2008.11.26"]
[SourceQuality "1"]

1. d4 Nf6 2. c4 e5 3. dxe5 Ng4 4. Nf3 Nc6 5. e3 Ngxe5 6. Nxe5 Nxe5 7. Be2 g6 8. 0-0 Bg7 9. Nc3 0-0 10. Bd2 d6 11. Rc1 a5 12. Nd5 h5 13. Bc3 c6 14. Nf4 Qe7 15. Qd2 Be6 16. Nxe6 Qxe6 17. Rfd1 Rfd8 18. Bxa5 Rd7 19. a3 d5 20. Bb6 dxc4 21. Qb4 Rd5 22. Rxd5 cxd5 23. e4 Nd7 24. Be3 d4 25. Bxc4 Qxe4 26. Bd2 Ne5 27. f3 Qf5 28. Qxb7 Re8 29. Bb5 Re6 30. a4 Nd3 31. Rc8+ Kh7 32. Rc7 Qf4 33. Bxd3 Qxd2 34. Bf1 Re1 35. Re7 Rb1 36. f4 d3 37. Qe4 Qd1 38. h4 Qxf1+ 39. Kh2 d2 0-1

[Event "Montreal Elo"]
[Site "Montreal"]
[Date "2005.09.23"]
[Round "7"]
[White "McDonough, Jonathan"]
[Black "Lawson, Eric"]
[Result "0-1"]
[WhiteElo "2212"]
[BlackElo "2387"]
[PlyCount "78"]
[EventDate "2005.09.16"]
[EventType "tourn"]
[EventRounds "9"]
[EventCountry "CAN"]
[EventCategory "1"]
[SourceTitle "EXT 2007"]
[Source "ChessBase"]
[SourceDate "2006.11.23"]
[SourceVersion "1"]
[SourceVersionDate "2006.11.23"]
[SourceQuality "1"]

1. d4 Nf6 2. c4 c5 3. d5 e6 4. Nc3 exd5 5. cxd5 d6 6. e4 g6 7. f4 Qe7 8. Bd3 Bg7 9. Nf3 Bg4 10. 0-0 0-0 11. h3 Bxf3 12. Qxf3 Nbd7 13. Bd2 a6 14. a4 Rfc8 15. Be1 Ne8 16. Bg3 Rab8 17. Rae1 c4 18. Bb1 b5 19. axb5 axb5 20. e5 b4 21. Ne4 dxe5 22. f5 Ndf6 23. Nxf6+ Bxf6 24. fxg6 hxg6 25. Bxe5 Bxe5 26. Rxe5 Qa7+ 27. Kh1 Rb6 28. Rfe1 Nf6 29. Qg3 Qc7 30. Qg5 Nh5 31. Bf5 Ra8 32. Bb1 c3 33. Re7 Qf4 34. Re8+ Rxe8 35. Rxe8+ Kg7 36. Qd8 Rf6 37. Bd3 cxb2 38. Rh8 b1Q+ 39. Bxb1 Ng3+ 0-1

[Event "Montreal Elo"]
[Site "Montreal"]
[Date "2005.09.22"]
[Round "6"]
[White "Chabot, Roland"]
[Black "McDonough, Jonathan"]
[Result "1-0"]
[WhiteElo "2284"]
[BlackElo "2212"]
[PlyCount "94"]
[EventDate "2005.09.16"]
[EventType "tourn"]
[EventRounds "9"]
[EventCountry "CAN"]
[EventCategory "1"]
[SourceTitle "EXT 2007"]
[Source "ChessBase"]
[SourceDate "2006.11.23"]
[SourceVersion "1"]
[SourceVersionDate "2006.11.23"]
[SourceQuality "1"]

1. d4 Nf6 2. c4 e6 3. Nc3 d5 4. cxd5 exd5 5. Bg5 c6 6. e3 Bf5 7. Qf3 Bg6 8. Bxf6 Qxf6 9. Qxf6 gxf6 10. Rc1 Nd7 11. Nf3 Nb6 12. Nd2 Rd8 13. a3 Nc8 14. Na4 Nd6 15. Nc5 f5 16. g3 Rb8 17. Be2 Ne4 18. Nd3 Bd6 19. Nf3 Ke7 20. Nh4 Bc7 21. Ng2 Kf6 22. h4 h5 23. Ngf4 Bd8 24. Rc2 Be7 25. 0-0 Kg7 26. b4 a6 27. a4 Nd6 28. Ne5 Kh6 29. b5 axb5 30. axb5 cxb5 31. Rc7 Rhe8 32. Nxd5 Bf8 33. Nf6 Rec8 34. Rfc1 Bg7 35. Ned7 Rxc7 36. Rxc7 Ra8 37. Nd5 Ra2 38. Bf3 Ne4 39. Bxe4 fxe4 40. Ne7 Ra1+ 41. Kg2 Bh7 42. Rxb7 Rb1 43. Rb6+ f6 44. Nd5 Bf5 45. N7xf6 b4 46. Nxe4+ Kh7 47. Ng5+ Kg8 1-0

[Event "Montreal Elo"]
[Site "Montreal"]
[Date "2005.09.18"]
[Round "3"]
[White "McDonough, Jonathan"]
[Black "Laptos, Krzysztof"]
[Result "1-0"]
[WhiteElo "2212"]
[BlackElo "2279"]
[PlyCount "99"]
[EventDate "2005.09.16"]
[EventType "tourn"]
[EventRounds "9"]
[EventCountry "CAN"]
[EventCategory "1"]
[SourceTitle "EXT 2007"]
[Source "ChessBase"]
[SourceDate "2006.11.23"]
[SourceVersion "1"]
[SourceVersionDate "2006.11.23"]
[SourceQuality "1"]

1. d4 Nf6 2. c4 e6 3. Nc3 c5 4. d5 exd5 5. cxd5 d6 6. e4 a6 7. a4 g6 8. h3 Bg7 9. Nf3 0-0 10. Bd3 Re8 11. 0-0 c4 12. Bc2 Nbd7 13. Be3 Qc7 14. Qe2 Rb8 15. Nd4 Nh5 16. Rad1 Be5 17. Nf3 Bh8 18. Ba7 Ra8 19. Bd4 Ne5 20. Nxe5 dxe5 21. Be3 Nf4 22. Qf3 Qd6 23. a5 Qb4 24. Ba4 Rd8 25. Bb6 Rd6 26. Qe3 Qxb2 27. Rd2 Rxb6 28. Rxb2 Rxb2 29. Rb1 Ne2+ 30. Kh2 Rxb1 31. Nxb1 Nd4 32. Na3 f5 33. f3 f4 34. Qe1 Bf6 35. Nxc4 Nb5 36. Nb6 Rb8 37. Qc1 Bd8 38. Nxc8 Nd4 39. d6 Bh4 40. Qc7 Bg3+ 41. Kh1 Bf2 42. Qxb8 Ne2 43. Ne7+ Kg7 44. Qg8+ Kh6 45. Nf5+ gxf5 46. d7 fxe4 47. d8Q Ng3+ 48. Qxg3 fxg3 49. Qf6+ Kh5 50. Be8# 1-0

[Event "Quebec-ch qual"]
[Site "Montreal"]
[Date "2005.07.21"]
[Round "5"]
[White "McDonough, Jonathan"]
[Black "Audet Bouchard, Nicolas"]
[Result "1-0"]
[WhiteElo "2172"]
[BlackElo "2138"]
[PlyCount "71"]
[EventDate "2005.07.17"]
[EventType "swiss"]
[EventRounds "9"]
[EventCountry "CAN"]
[SourceTitle "EXT 2009"]
[Source "ChessBase"]
[SourceDate "2008.11.26"]
[SourceVersion "1"]
[SourceVersionDate "2008.11.26"]
[SourceQuality "1"]

1. d4 Nf6 2. c4 e6 3. Nc3 Bb4 4. e3 b6 5. Nge2 Ba6 6. a3 Be7 7. Ng3 d5 8. b3 0-0 9. Be2 Nbd7 10. cxd5 Bxe2 11. Ngxe2 exd5 12. b4 c6 13. 0-0 b5 14. f3 Nb6 15. e4 a5 16. e5 Ne8 17. Rb1 axb4 18. axb4 Nc7 19. f4 f5 20. g4 g6 21. Ng3 Bh4 22. gxf5 Bxg3 23. hxg3 Rxf5 24. g4 Rf7 25. Rb2 Kh8 26. f5 gxf5 27. gxf5 Rg7+ 28. Kh1 Rg3 29. Rh2 Qg8 30. Ne2 Rg4 31. Nf4 Nc4 32. Rh6 Rg3 33. Qh5 Ra7 34. Ng6+ Kg7 35. Qh4 Rg2 36. Qf6# 1-0

[Event "Singher Montmarquette 2nd"]
[Site "Montreal"]
[Date "2004.08.30"]
[Round "8"]
[White "McDonough, Jonathan"]
[Black "Rousseau, Daniel"]
[Result "1-0"]
[WhiteElo "2270"]
[BlackElo "2067"]
[PlyCount "55"]
[EventDate "2004.06.12"]
[EventType "swiss"]
[EventRounds "9"]
[EventCountry "CAN"]
[SourceTitle "EXT 2022"]
[Source "ChessBase"]
[SourceDate "2021.10.06"]
[SourceVersion "1"]
[SourceVersionDate "2021.10.06"]
[SourceQuality "1"]

1. d4 Nf6 2. g3 g6 3. Bg2 Bg7 4. Nf3 0-0 5. 0-0 d6 6. c4 Nc6 7. Nc3 a6 8. h3 Rb8 9. Be3 b5 10. Nd2 Na5 11. cxb5 axb5 12. b4 Nc4 13. Nxc4 bxc4 14. b5 Bb7 15. Bxb7 Rxb7 16. a4 d5 17. a5 Qd7 18. Kh2 Rfb8 19. Bf4 Ra8 20. Qc2 Nh5 21. Be3 Rba7 22. Qa4 Qd8 23. Qb4 e6 24. a6 Bf8 25. Qa5 Bd6 26. Rfb1 Qh4 27. Rg1 Rb8 28. Na4 1-0

[Event "Quebec op"]
[Site "Montreal"]
[Date "2004.07.24"]
[Round "8"]
[White "Masse, Hugues"]
[Black "McDonough, Jonathan"]
[Result "1/2-1/2"]
[WhiteElo "2143"]
[BlackElo "2184"]
[PlyCount "31"]
[EventDate "2004.07.17"]
[EventType "swiss"]
[EventRounds "9"]
[EventCountry "CAN"]
[SourceTitle "CBM 101 Extra"]
[Source "ChessBase"]
[SourceDate "2004.09.01"]
[SourceVersion "2"]
[SourceVersionDate "2004.09.01"]
[SourceQuality "1"]

1. d4 e6 2. c4 d5 3. Nc3 Be7 4. cxd5 exd5 5. Bf4 c6 6. Qc2 Nf6 7. e3 a5 8. Bd3 Na6 9. a3 Nc7 10. Nf3 Ne6 11. Be5 g6 12. 0-0 0-0 13. h3 Ng7 14. Rab1 Bf5 15. Bxf5 Nxf5 16. Na4 1/2-1/2

[Event "Quebec op"]
[Site "Montreal"]
[Date "2004.07.19"]
[Round "3"]
[White "Roussel Roozmon, Thomas"]
[Black "McDonough, Jonathan"]
[Result "1-0"]
[WhiteElo "2451"]
[BlackElo "2184"]
[PlyCount "99"]
[EventDate "2004.07.17"]
[EventType "swiss"]
[EventRounds "9"]
[EventCountry "CAN"]
[SourceTitle "CBM 101 Extra"]
[Source "ChessBase"]
[SourceDate "2004.09.01"]
[SourceVersion "2"]
[SourceVersionDate "2004.09.01"]
[SourceQuality "1"]

1. d4 e6 2. c4 d5 3. Nf3 Be7 4. g3 Nf6 5. Bg2 0-0 6. 0-0 dxc4 7. Qc2 c5 8. dxc5 Qc7 9. Na3 Nbd7 10. Nxc4 Nd5 11. a3 Qxc5 12. b4 Qc7 13. Qb3 Bf6 14. Ra2 N7b6 15. Rc2 Nxc4 16. Rxc4 Qe7 17. e4 Nb6 18. e5 Nxc4 19. Qxc4 Bd7 20. Qb3 Bc6 21. exf6 Qxf6 22. Bg5 Qf5 23. h4 Bd5 24. Qe3 Qe4 25. Qd2 f6 26. Be3 Rfd8 27. Rc1 Qg6 28. Qe2 Qf7 29. a4 Rdc8 30. Rxc8+ Rxc8 31. a5 a6 32. Bc5 Qd7 33. Bh3 Re8 34. h5 Qa4 35. h6 Qb3 36. Nd2 Qc2 37. hxg7 Kxg7 38. Qg4+ Qg6 39. Qf4 Qh5 40. Bg2 Bxg2 41. Kxg2 Qd5+ 42. Kg1 Qh5 43. Ne4 Qd1+ 44. Kg2 Qd8 45. Qg4+ Kh8 46. Qh4 Kg7 47. Be3 h5 48. Bb6 Qe7 49. Qxh5 f5 50. Ng5 1-0

[Event "Quebec op"]
[Site "Montreal"]
[Date "2004.07.17"]
[Round "1"]
[White "Voskanyan, Vahagn"]
[Black "McDonough, Jonathan"]
[Result "0-1"]
[WhiteElo "2271"]
[BlackElo "2184"]
[PlyCount "118"]
[EventDate "2004.07.17"]
[EventType "swiss"]
[EventRounds "9"]
[EventCountry "CAN"]
[SourceTitle "CBM 101 Extra"]
[Source "ChessBase"]
[SourceDate "2004.09.01"]
[SourceVersion "2"]
[SourceVersionDate "2004.09.01"]
[SourceQuality "1"]

1. Nf3 e6 2. c4 d5 3. d4 Be7 4. Nc3 Nf6 5. Qc2 0-0 6. Bf4 c5 7. e3 dxc4 8. Bxc4 a6 9. dxc5 Bxc5 10. 0-0 b5 11. Bd3 Bb7 12. Ne4 Nxe4 13. Bxe4 Bxe4 14. Qxe4 Nd7 15. Rfd1 Nf6 16. Qc2 Qb6 17. Rac1 Be7 18. Be5 h6 19. Nd4 Nd5 20. e4 Bf6 21. Nf3 Bxe5 22. Nxe5 Nf6 23. h3 Rad8 24. Rxd8 Rxd8 25. Nc6 Rd7 26. Ne5 Rd8 27. b4 Rd4 28. Qc8+ Rd8 29. Qc2 Rd4 30. Re1 Qd8 31. Nc6 Rd2 32. Qc5 Qd3 33. Ne5 Qc2 34. Qe7 Rxf2 35. Qxf7+ Kh8 36. Qg6 Kg8 37. Nf7 Ng4 38. Qxg4 Rxf7 39. Rd1 Qf2+ 40. Kh1 Qxa2 41. Qg6 Qc4 42. Rd8+ Rf8 43. Rd7 Qf1+ 44. Kh2 Qf4+ 45. Qg3 Rf7 46. Rd8+ Kh7 47. Rd6 Qxe4 48. Rxa6 Rf6 49. Qc3 Rf1 50. Ra2 Qf4+ 51. g3 Qe4 52. Rg2 Kg6 53. Qd2 Qb1 54. g4 Rh1+ 55. Kg3 Qb3+ 56. Kf4 Rxh3 57. Re2 Qg3+ 58. Ke4 Qxg4+ 59. Ke5 Rh5+ 0-1

[Event "Singher Montmarquette 2nd"]
[Site "Montreal"]
[Date "2004.07.10"]
[Round "3"]
[White "McDonough, Jonathan"]
[Black "Laframboise, Marc Andre"]
[Result "1/2-1/2"]
[WhiteElo "2184"]
[BlackElo "2094"]
[PlyCount "70"]
[EventDate "2004.06.12"]
[EventType "swiss"]
[EventRounds "9"]
[EventCountry "CAN"]
[SourceTitle "EXT 2006"]
[Source "ChessBase"]
[SourceDate "2005.11.24"]
[SourceVersion "1"]
[SourceVersionDate "2005.11.24"]
[SourceQuality "1"]

1. d4 d5 2. c4 c6 3. Nf3 Nf6 4. Nc3 e6 5. g3 dxc4 6. Bg2 Nbd7 7. 0-0 Bb4 8. Qc2 b5 9. a4 Qb6 10. axb5 cxb5 11. Ne5 Bb7 12. Nxd7 Nxd7 13. e4 0-0 14. Be3 a5 15. f4 Rfd8 16. Rae1 Rac8 17. f5 e5 18. dxe5 Bc5 19. Bxc5 Qxc5+ 20. Kh1 Nxe5 21. f6 g6 22. Nd5 Bxd5 23. exd5 Nd3 24. Re7 Re8 25. Qd2 Rxe7 26. fxe7 b4 27. b3 Qxe7 28. bxc4 Ne5 29. d6 Qd7 30. Qd4 Nxc4 31. Bd5 Nxd6 32. Bxf7+ Qxf7 33. Rxf7 Nxf7 34. Qb6 Rc1+ 35. Kg2 Rc2+ 1/2-1/2

[Event "Montreal Futurity qual 3rd"]
[Site "Montreal"]
[Date "2003.04.06"]
[Round "5"]
[White "Ramaswamy, Kishor"]
[Black "McDonough, Jonathan"]
[Result "1/2-1/2"]
[WhiteElo "1943"]
[BlackElo "2047"]
[PlyCount "105"]
[EventDate "2003.04.??"]
[EventType "swiss"]
[EventRounds "5"]
[EventCountry "CAN"]
[SourceTitle "EXT 2006"]
[Source "ChessBase"]
[SourceDate "2005.11.24"]
[SourceVersion "1"]
[SourceVersionDate "2005.11.24"]
[SourceQuality "1"]

1. d4 e6 2. Nf3 Nf6 3. Bg5 Be7 4. Nbd2 d5 5. e3 0-0 6. Bd3 Nbd7 7. c3 b6 8. Ne5 Bb7 9. f4 Ne4 10. Bxe7 Qxe7 11. Qf3 Nxd2 12. Kxd2 Nf6 13. Raf1 Ne4+ 14. Kc1 a5 15. Qe2 a4 16. Bxe4 dxe4 17. Qc2 c5 18. g4 f6 19. Nc4 Ba6 20. Nxb6 Bxf1 21. Rxf1 Ra6 22. Nxa4 Rfa8 23. Nxc5 Rxa2 24. Kd2 Rb8 25. Rb1 f5 26. g5 Qe8 27. Kc1 Rb6 28. Qe2 Qc6 29. Qc4 Qd5 30. Qxd5 exd5 31. Kc2 h6 32. h4 hxg5 33. hxg5 Kf7 34. Nb3 Ra8 35. Ra1 Rh8 36. Ra5 Rhb8 37. Nd2 Rxb2+ 38. Kc1 R2b5 39. Rxb5 Rxb5 40. c4 dxc4 41. Nxc4 Ke6 42. Kc2 Rb8 43. Ne5 Rc8+ 44. Kb2 Kd5 45. Nf7 Rf8 46. Ne5 Rh8 47. Kc3 Rh2 48. Nc4 Rh1 49. Nb6+ Kc6 50. Nc4 Rc1+ 51. Kb4 Re1 52. Kc3 Re2 53. Kb4 1/2-1/2

[Event "Montreal op1"]
[Site "Montreal"]
[Date "2003.??.??"]
[Round "3"]
[White "McDonough, Jonathan"]
[Black "Khassanov, Marat"]
[Result "0-1"]
[WhiteElo "2184"]
[BlackElo "2344"]
[PlyCount "53"]
[EventDate "2003.??.??"]
[EventType "swiss"]
[EventRounds "5"]
[EventCountry "CAN"]
[SourceTitle "EXT 2005"]
[Source "ChessBase"]
[SourceDate "2004.11.15"]
[SourceVersion "1"]
[SourceVersionDate "2004.11.15"]
[SourceQuality "1"]

1. d4 Nf6 2. c4 g6 3. Nc3 c5 4. d5 d6 5. e4 Bg7 6. Bf4 0-0 7. Bd3 a6 8. Qd2 b5 9. Bh6 b4 10. Nd1 Bxh6 11. Qxh6 e6 12. Ne3 Re8 13. Ne2 exd5 14. exd5 Nbd7 15. h3 Ne5 16. Bc2 Kh8 17. b3 Ng8 18. Qf4 f5 19. h4 Nf6 20. 0-0-0 Nh5 21. Qh2 Ng4 22. Nxg4 Rxe2 23. Nh6 Qf6 24. Kb1 Kg7 25. f3 f4 26. Ng4 Qc3 27. Rc1 0-1